Filipino Words Translation - Statistics

General Stats
  • This quiz has been taken 428 times
  • The average score is 24 of 30
Answer Stats
Filipino Word Answer % Correct
Oo Yes
97%
Tita Aunt
96%
Hindi No
96%
Itlog Egg
93%
Isda Fish
93%
Grupo Group
91%
Kriminal Criminal
90%
Kahapon Yesterday
90%
Pangalan Name
89%
Araw Sun/Day
89%
Kaibigan Friend
88%
Halik Kiss
87%
Kailan When
87%
Personalidad Personality
86%
Relihiyon Religion
85%
Utak Brain
84%
Gitna Center/Middle
84%
Totoo True
83%
Pangarap Dream
79%
Sinungaling Liar
76%
Sanggol Baby
75%
Etniko Ethnic
75%
Sahod Salary/Pay
74%
Suso Snail/Breast
72%
Titik Letter
69%
Isip-bata Childish
66%
Pangungusap Sentence
66%
Lahi Breed/Race
64%
Hinaharap Future
62%
Pangngalan Noun
58%
No matching quizzes found
Score Distribution
Percent of People with Each Score
Percentile by Number Answered
Your Score History
You have not taken this quiz